| 000 | 00891cam a2200253 i 4500 | ||
|---|---|---|---|
| 003 | SA-RiAUC | ||
| 005 | 20251222125013.0 | ||
| 008 | 251201s1988 ku o g s f00000 ara c | ||
| 040 |
_aSA-RiAUC _bara _cSA-RiAUC _erda |
||
| 043 | _aa-ku--- | ||
| 082 | 0 | 4 | _a315.38 |
| 090 |
_a315.38 _bك و ي |
||
| 110 | 1 |
_aالكويت. _bوزارة الإعلام _eمؤلف. |
|
| 245 | 1 | 2 |
_aالكويت حقائق وأرقام 1988 / _cوزارة الإعلام. |
| 264 | 1 |
_aالكويت : _bوزارة الإعلام، _c1988 |
|
| 300 |
_a296 صفحة : _bصور ملونة ؛ _c24 سم |
||
| 336 |
_aنص _btxt _2rdacontent _3كتاب |
||
| 337 |
_aبدون وسيط _bn _2rdamedia |
||
| 338 |
_aمجلد _bnc _2rdacarrier |
||
| 651 | 7 |
_aالكويت _vمطبوعات _2aucsh |
|
| 651 | 7 |
_aالكويت _vإحصاءات _2aucsh |
|
| 942 |
_2ddc _cBOOK _n0 |
||
| 949 |
_aSA-JeALM _d251201 _umohamedma123 _n1 |
||
| 999 |
_c13633 _d13633 |
||